Score 0/30 Timer 03:00
1 Play Today
Clue 4-Letter Word % Correct
ApplaudCLAP
96.3%
Not sweetSOUR
95.2%
'Since U ___ Gone'BEEN
94.2%
Dump liquid from a containerPOUR
93.4%
One who writes sonnetsPOET
92.8%
Trim your nailsCLIP
92.7%
5,280 feetMILE
92.1%
Char with fireBURN
91.9%
In need of a tanPALE
91.5%
Personal possessiveMINE
91.2%
Like the XY genderMALE
90.8%
Refreshing herb used in dessertsMINT
90.8%
Sound of a horn honkingBEEP
90.7%
A clueHINT
90.6%
Stalk animal preyHUNT
89.9%
Clue 4-Letter Word % Correct
Undergarment under a skirtSLIP
89.7%
Make a sad facePOUT
89.7%
'The ___ Locker'HURT
89.7%
Capital of SwitzerlandBERN
89.5%
A Scottish family groupingCLAN
89.3%
SkinnySLIM
89.1%
A run-down neighborhoodSLUM
88.7%
Actor Reynolds of 'Boogie Nights'BURT
88.2%
A section of the wholePART
86.3%
Slip over and mumble wordsSLUR
85.9%
^ Spanish caramel custard dessert ^FLAN
84.2%
^ A fruit filled pastry dessert ^TART
83.1%
^ Eastery marshmallow dessert ^PEEP
82.5%
Remove the skin from fruitPARE
81.7%
Amanda of 'The Whole Nine Yards'PEET
79.5%

Today's Daily Dose

Remove Ads.
Support Sporcle.
Get the best of Sporcle when you Go Orange. This ad-free experience offers more features, more stats, and more fun while also helping to support Sporcle. Thank you for becoming a member.

You're not logged in!

Compare scores with friends on all Sporcle quizzes.
OR
Log In

Show Comments

Extras

Top Quizzes Today


Score Distribution

Your Account Isn't Verified!

In order to create a playlist on Sporcle, you need to verify the email address you used during registration. Go to your Sporcle Settings to finish the process.

Report this User

Report this user for behavior that violates our Community Guidelines.

Details: